| 000 | 00613nam a22001937a 4500 | ||
|---|---|---|---|
| 999 |
_c502 _d502 |
||
| 003 | AR-CdUCM | ||
| 008 | 190223b ||||| |||| 00| 0 spa d | ||
| 040 |
_aMUNICIPALIDAD PROVINCIAL DEL CUSCO _cBIBLIOTECA MUNICIPAL DEL CUSCO |
||
| 082 |
_a929 / _bC484 |
||
| 100 |
_aCharpentier, Louis _91953 |
||
| 245 |
_aEl misterio de los Templarios / _cLouis Charpentier |
||
| 260 |
_aEspaña : _bBruguera, S. A. ; _c1970. |
||
| 300 |
_a219 páginas. : _c17 cm. |
||
| 650 |
_aOrden templaria _91954 |
||
| 650 |
_aTemplarios _91955 |
||
| 650 |
_aCaballeros templarios _91956 |
||
| 942 |
_2ddc _cLIBROS |
||
| 945 |
_anom _d2019-02-23 |
||